[Event "IX Weekend A"]
[Site "Palermo ITA"]
[Date "2004.11.02"]
[Round "8"]
[White "Ganci, Fabrizio"]
[Black "Amato, Andrea"]
[Result "0-1"]
[WhiteElo "2159"]
[BlackElo "2061"]
[PlyCount "48"]
[EventDate "2004.10.29"]

1. d4 d5 2. c4 dxc4 3. Nf3 Nf6 4. e3 e6 5. Bxc4 c5 6. O-O a6 7. dxc5 Qxd1 8.
Rxd1 Bxc5 9. a3 b5 10. Be2 O-O 11. b4 Be7 12. Bb2 Bb7 13. Nc3 Nbd7 14. Rac1
Rac8 15. Nd4 Nb6 16. Nb3 Rfd8 17. h3 Nfd5 18. Nxd5 Bxd5 19. Nd4 Nc4 20. Rc2 Bf6
21. Kf1 Be4 22. Bd3 Bxd3+ 23. Rxd3 Nxb2 24. Rxb2 e5 0-1

[Event "IX Weekend A"]
[Site "Palermo ITA"]
[Date "2004.11.02"]
[Round "8"]
[White "Insabato, Giovanbattista"]
[Black "Bertino, Giacomo"]
[Result "1/2-1/2"]
[WhiteElo "2116"]
[BlackElo "2034"]
[PlyCount "34"]
[EventDate "2004.10.29"]

1. e4 e5 2. d4 exd4 3. Qxd4 Nc6 4. Qe3 g6 5. Nc3 Bg7 6. Nf3 Nf6 7. Bc4 O-O 8.
O-O d6 9. Bd2 Re8 10. Qf4 Bg4 11. Bb5 Bxf3 12. Bxc6 bxc6 13. Qxf3 Rb8 14. Rab1
Qd7 15. b3 Rb4 16. Nd5 Nxd5 17. exd5 Rbe4 1/2-1/2

[Event "IX Weekend A"]
[Site "Palermo ITA"]
[Date "2004.11.02"]
[Round "8"]
[White "Livecchi, Dario"]
[Black "Tirrito, Luca"]
[Result "0-1"]
[WhiteElo "2171"]
[BlackElo "2132"]
[PlyCount "68"]
[EventDate "2004.10.29"]

1. e4 e5 2. Nf3 d6 3. d4 exd4 4. Nxd4 Nf6 5. Nc3 Be7 6. Bf4 O-O 7. Qd2 Nc6 8.
f3 Be6 9. O-O-O Nxd4 10. Qxd4 Nd7 11. Qe3 Bf6 12. g4 Be5 13. g5 c6 14. h4 Qa5
15. Bxe5 dxe5 16. h5 Rae8 17. Be2 b5 18. g6 h6 19. gxf7+ Rxf7 20. Rd6 Qc7 21.
Rhd1 a6 22. Qg1 Rf6 23. Qg3 Re7 24. Bf1 Bf7 25. R6d2 Bxh5 26. Bh3 Rxf3 27. Qh4
Nf6 28. Rd8+ Re8 29. Be6+ Kh8 30. Qxh5 Nxh5 31. Rxe8+ Kh7 32. Rd7 Qb6 33. b3
Qe3+ 34. Kb1 Qxc3 0-1

[Event "XXVI Festival A"]
[Site "Arco ITA"]
[Date "2004.10.23"]
[Round "1"]
[White "Miatello, Alberto"]
[Black "Levin, Felix"]
[Result "0-1"]
[WhiteElo "2087"]
[BlackElo "2498"]
[PlyCount "107"]
[EventDate "2004.10.23"]

1. e4 c5 2. Nf3 e6 3. d4 cxd4 4. Nxd4 a6 5. Bd3 Bc5 6. Nb3 Be7 7. e5 Nc6 8. Bf4
f6 9. Qh5+ Kf8 10. Nc3 fxe5 11. Bxe5 Nxe5 12. Qxe5 d5 13. O-O Qd6 14. Qe2 Nf6
15. f4 Bd7 16. Rae1 Qb6+ 17. Kh1 Bd6 18. Qf3 g6 19. Ne2 Kg7 20. Ned4 Rae8 21.
g4 Rhf8 22. f5 e5 23. g5 Nh5 24. f6+ Kh8 25. Bf5 Qc7 26. Bxd7 Qxd7 27. Ne2 e4
28. Qg2 Qe6 29. Nbd4 Qe5 30. c3 Rf7 31. Rf2 h6 32. gxh6 Rxf6 33. Rxf6 Nxf6 34.
Rf1 Kh7 35. Nf4 Rg8 36. Nfe6 Ng4 37. Rf7+ Kxh6 38. Qh3+ Qh5 39. Nf5+ gxf5 40.
Rh7+ Kxh7 41. Qxh5+ Nh6 42. Ng5+ Kg7 43. Qd1 Kf6 44. Qxd5 Kxg5 45. Qxd6 Kh5 46.
Qd1+ Kg5 47. b4 Ng4 48. Qb1 e3 49. h3 Nf2+ 50. Kh2 Kf4 51. Qc2 Rd8 52. b5 Rd2
53. Qa4+ Ne4+ 54. Kg1 0-1

[Event "XXVI Festival A"]
[Site "Arco ITA"]
[Date "2004.10.31"]
[Round "9"]
[White "Morselli, Stefano"]
[Black "Balazs, Gabor"]
[Result "0-1"]
[WhiteElo "1906"]
[BlackElo "2071"]
[PlyCount "44"]
[EventDate "2004.10.23"]

1. Nf3 c5 2. g3 g6 3. Bg2 Bg7 4. c3 Nc6 5. O-O d6 6. d4 cxd4 7. cxd4 Qb6 8. Nc3
Nxd4 9. Nxd4 Qxd4 10. Qc2 Qc4 11. Bd5 Qc7 12. Qb3 e6 13. Nb5 Qd7 14. Bf4 exd5
15. Bxd6 Nf6 16. Rac1 Ne4 17. Rc7 Qf5 18. Re7+ Kd8 19. Qc2 Nc3 20. e4 Qf3 21.
Nxc3 Bh3 22. Bc7+ Kc8 0-1

[Event "V Weekend A"]
[Site "Novara ITA"]
[Date "2004.10.22"]
[Round "1"]
[White "Aceto, Lorenzo"]
[Black "Dassisti, Alberto"]
[Result "0-1"]
[WhiteElo "2150"]
[BlackElo "2067"]
[PlyCount "102"]
[EventDate "2004.10.22"]

1.e4 e6 2.d4 d5 3.Nc3 Nf6 4.e5 Nfd7 5.Nf3 c5 6.Be3 cxd4 7.Bxd4 Nc6 8.Bb5 
Nxd4 9.Qxd4 a6 10.Ba4 b5 11.Bb3 Bb7 12.O-O Rc8 13.Rad1 Nc5 14.Rd2 Be7 15.
Qg4 O-O 16.Re1 Qb6 17.Ng5 h6 18.Nh3 a5 19.a3 Nxb3 20.cxb3 b4 21.axb4 Qxb4 
22.Qd1 Qb6 23.Nf4 Bb4 24.Rd3 Qd8 25.Nh5 Kh8 26.Rg3 Rg8 27.Qd4 Be7 28.Rd1 
Ba6 29.Qg4 Bh4 30.Rh3 Bg5 31.Rd4 Rc6 32.Qd1 f5 33.exf6 Bxf6 34.Nxf6 Qxf6 
35.Rf3 Qg6 36.Rg3 Qe8 37.h4 Qd8 38.h5 Rc7 39.Rg6 Bc8 40.Qe1 Rf7 41.Qe5 Rf6
42.Rdg4 Rxg6 43.Rxg6 Kh7 44.Nb5 Bd7 45.Nd6 Qc7 46.g4 Qc1+ 47.Kg2 Qc6 48.
Qg3 Qc2 49.Qc3 Qxc3 50.bxc3 Rb8 51.b4 a4 0-1

[Event "V Weekend A"]
[Site "Novara ITA"]
[Date "2004.10.22"]
[Round "1"]
[White "Borin, Fabio"]
[Black "Bonade', Massimo"]
[Result "1-0"]
[WhiteElo "2203"]
[BlackElo "2093"]
[PlyCount "61"]
[EventDate "2004.10.22"]

1.e4 c5 2.Nf3 d6 3.d4 cxd4 4.Nxd4 Nf6 5.f3 e5 6.Nb3 d5 7.Bg5 Be6 8.Bxf6 
gxf6 9.exd5 Qxd5 10.Qxd5 Bxd5 11.Nc3 Bb4 12.O-O-O Bc6 13.Nb5 Bxb5 14.Bxb5+
Ke7 15.c3 Bd6 16.Bc4 Nc6 17.Bxf7 b5 18.Bd5 Rac8 19.Rhe1 b4 20.Bxc6 Rxc6 
21.Nd4 Ra6 22.Nf5+ Ke6 23.Nxd6 Rxd6 24.Rxd6+ Kxd6 25.Rd1+ Ke6 26.cxb4 Rc8+
27.Kd2 Rc4 28.a3 f5 29.g3 e4 30.fxe4 fxe4 31.Ke3 1-0

[Event "V Weekend A"]
[Site "Novara ITA"]
[Date "2004.10.22"]
[Round "1"]
[White "Dallaglio, Giovanni"]
[Black "Provera, Emanuele"]
[Result "1-0"]
[WhiteElo "2051"]
[BlackElo "2138"]
[PlyCount "99"]
[EventDate "2004.10.22"]

1.d4 Nf6 2.Nf3 e6 3.c4 Bb4+ 4.Bd2 Qe7 5.g3 Nc6 6.Bg2 Bxd2+ 7.Nbxd2 d6 8.
O-O O-O 9.e4 e5 10.d5 Nb8 11.Ne1 a5 12.b3 Na6 13.a3 Bd7 14.Nd3 b5 15.Qe2 
b4 16.a4 Rae8 17.f4 Bg4 18.Qf2 exf4 19.gxf4 Nd7 20.Rae1 Nac5 21.Nxc5 Nxc5 
22.Qg3 Bc8 23.e5 Bf5 24.Ne4 Bxe4 25.Bxe4 dxe5 26.fxe5 Nd7 27.d6 Qd8 28.Bd5
c6 29.Be4 g6 30.Bc2 Qb6+ 31.Kh1 Qd4 32.Rf4 Qd2 33.e6 fxe6 34.Bxg6 Qc3 35.
Bxe8+ Qxg3 36.Rxf8+ Kxf8 37.hxg3 Kxe8 38.Rxe6+ Kd8 39.g4 Nc5 40.Re3 Kd7 
41.Kg2 Kxd6 42.Kf3 Ne6 43.Ke4 Ng7 44.Rh3 Ne6 45.Kf5 Nd4+ 46.Ke4 Ne6 47.Rh6
Ke7 48.Rxh7+ Kf6 49.Rh6+ Kf7 50.Rxe6 1-0

[Event "V Weekend A"]
[Site "Novara ITA"]
[Date "2004.10.22"]
[Round "1"]
[White "Dragojlovic, Andjelko"]
[Black "Ceccarini, Marco"]
[Result "1-0"]
[WhiteElo "2298"]
[BlackElo "2121"]
[PlyCount "172"]
[EventDate "2004.10.22"]

1.e4 e6 2.Qe2 c5 3.Nf3 Nc6 4.c3 d5 5.exd5 Qxd5 6.g3 Nf6 7.Bg2 Qe4 8.Qxe4 
Nxe4 9.d4 Bd7 10.O-O cxd4 11.cxd4 Bb4 12.a3 Ba5 13.b4 Bb6 14.Bb2 Nf6 15.
Nbd2 Nd5 16.Ne4 O-O 17.Nc5 Bc8 18.Rac1 Nce7 19.Ne5 Bc7 20.Rc2 b6 21.Ne4 
Ba6 22.Rfc1 Bxe5 23.dxe5 Bd3 24.Rd2 Bxe4 25.Bxe4 Rac8 26.Rcd1 Rc4 27.Bd3 
Rc7 28.Ba6 Nf5 29.h4 h5 30.Be2 g6 31.Bf3 Nfe7 32.Be4 Rfc8 33.Kf1 Kf8 34.
Bd3 Nc3 35.Rc1 Ne4 36.Bxe4 Rxc1+ 37.Bxc1 Rxc1+ 38.Ke2 Rc3 39.Rd8+ Kg7 40.
Rd7 Nc8 41.Bb7 a5 42.Kd2 axb4 43.axb4 Rc4 44.b5 Na7 45.Ba6 Nxb5 46.Bxb5 
Rc5 47.Bd3 Rxe5 48.Rb7 Ra5 49.Rxb6 Ra7 50.Be4 Ra2+ 51.Ke1 Ra7 52.Ke2 Ra2+ 
53.Kf1 Ra1+ 54.Kg2 Ra7 55.Bb7 Ra5 56.Bc6 Rc5 57.Bf3 Rc7 58.Rb7 Rc8 59.Bd1 
Rd8 60.Ba4 Kf6 61.Kf3 Ra8 62.Bb5 Rd8 63.Ke4 Rc8 64.f3 Rd8 65.Kf4 Rd4+ 66.
Ke3 Rd8 67.Bc6 Rh8 68.Kf4 Ra8 69.Be4 Rh8 70.Ra7 Rg8 71.Ra8 Rg7 72.Re8 Rh7 
73.Rg8 e5+ 74.Ke3 Ke7 75.Bc2 Kd6 76.Bb3 Ke7 77.Ke4 Kf6 78.Rf8 Ke7 79.Rxf7+
Rxf7 80.Bxf7 Kxf7 81.Kxe5 Ke7 82.f4 Kf7 83.f5 Kg7 84.Ke6 Kh7 85.f6 Kg8 86.
f7+ Kf8 1-0

[Event "V Weekend A"]
[Site "Novara ITA"]
[Date "2004.10.22"]
[Round "1"]
[White "Drei, Andrea"]
[Black "Perissinotto, Claudio"]
[Result "1-0"]
[WhiteElo "2247"]
[BlackElo "2105"]
[PlyCount "63"]
[EventDate "2004.10.22"]

1.e4 c5 2.Nf3 d6 3.d4 cxd4 4.Nxd4 Nf6 5.Nc3 g6 6.Be3 Bg7 7.f3 O-O 8.Qd2 
Nc6 9.O-O-O d5 10.Kb1 Nxd4 11.e5 Nd7 12.Bxd4 Nxe5 13.Qe3 Nc6 14.Bxg7 Kxg7 
15.Rxd5 Qc7 16.Bb5 Be6 17.Rc5 Rfd8 18.h4 Qd6 19.Bxc6 bxc6 20.h5 Bd5 21.
hxg6 Qxg6 22.Rd1 e6 23.b3 Rab8 24.Ra5 Rb7 25.Rxa7 Rxa7 26.Qxa7 Qg3 27.Qd4+
e5 28.Qe3 f6 29.Qa7+ Kg8 30.Qe7 Rf8 31.Nxd5 cxd5 32.Rxd5 1-0

[Event "V Weekend A"]
[Site "Novara ITA"]
[Date "2004.10.22"]
[Round "1"]
[White "Fattorelli, Luciano"]
[Black "De Santis, Alessio"]
[Result "0-1"]
[WhiteElo "2107"]
[BlackElo "2268"]
[PlyCount "62"]
[EventDate "2004.10.22"]

1.e4 c5 2.Nc3 a6 3.g3 Nc6 4.Bg2 h5 5.d3 e6 6.Be3 Nf6 7.Nge2 Be7 8.h3 d6 9.
Qd2 Bd7 10.f4 b5 11.d4 b4 12.Nd1 cxd4 13.Nxd4 d5 14.Nf2 Nxd4 15.Bxd4 Qa5 
16.e5 Nh7 17.Nd3 Rc8 18.O-O Rc4 19.c3 bxc3 20.Bxc3 Qc7 21.Rac1 Qa7+ 22.Qf2
Qxf2+ 23.Kxf2 Bb5 24.Ke3 O-O 25.b3 d4+ 26.Bxd4 Rxd4 27.Kxd4 Rd8+ 28.Kc3 
Rxd3+ 29.Kc2 Rxg3 30.Rf2 Bc5 31.Rd2 Be3 0-1

[Event "V Weekend A"]
[Site "Novara ITA"]
[Date "2004.10.22"]
[Round "1"]
[White "Giannetta, Paolo"]
[Black "Ranieri, Fabrizio"]
[Result "1/2-1/2"]
[WhiteElo "2104"]
[BlackElo "2213"]
[PlyCount "64"]
[EventDate "2004.10.22"]

1.d4 e6 2.c4 d5 3.Nc3 Nf6 4.Nf3 Nbd7 5.cxd5 exd5 6.Bg5 Be7 7.e3 O-O 8.Bd3 
c6 9.O-O Re8 10.Rc1 Nf8 11.h3 Ng6 12.Bxf6 Bxf6 13.b4 a6 14.a4 Be7 15.Rb1 
Bd6 16.b5 axb5 17.axb5 Qf6 18.bxc6 bxc6 19.Rb6 Rb8 20.Na4 Bc7 21.Rxb8 Bxb8
22.Nb6 Be6 23.Qe2 Bc7 24.Rb1 Bxh3 25.gxh3 Nf4 26.Bxh7+ Kxh7 27.Qc2+ Ng6 
28.Kg2 Rd8 29.Na4 Kg8 30.Rb7 Rc8 31.Nc5 Qd6 32.Na6 Ne7 1/2-1/2

[Event "V Weekend A"]
[Site "Novara ITA"]
[Date "2004.10.22"]
[Round "1"]
[White "Pace, Pietro Dario"]
[Black "Aglietti, Graziano"]
[Result "1/2-1/2"]
[WhiteElo "2130"]
[BlackElo "2043"]
[PlyCount "133"]
[EventDate "2004.10.22"]

1.e4 Nf6 2.e5 Nd5 3.d4 d6 4.Nf3 dxe5 5.Nxe5 e6 6.Be2 c5 7.Bb5+ Bd7 8.Nxd7 
Qa5+ 9.Nd2 Qxb5 10.Nxf8 cxd4 11.Nxe6 fxe6 12.Qh5+ g6 13.Qe5 O-O 14.Qxe6+ 
Kh8 15.a4 Re8 16.axb5 Rxe6+ 17.Kd1 Nc7 18.Ra5 b6 19.Ra4 Nxb5 20.f3 Nd7 21.
Rb4 a6 22.Nb3 Nc5 23.Re1 Rxe1+ 24.Kxe1 Nxb3 25.Rxb3 Rc8 26.Kd2 Kg7 27.Kd3 
Kf6 28.Rb4 Ke5 29.Bh6 Kd5 30.Bg7 Rc5 31.Bxd4 Nxd4 32.Rxd4+ Ke6 33.Rh4 h5 
34.c3 a5 35.Re4+ Kd6 36.Re8 Rb5 37.Kc2 Rg5 38.g3 Rf5 39.f4 g5 40.Re4 gxf4 
41.gxf4 Rf7 42.Kd3 Rg7 43.Re2 Rf7 44.Rf2 Rf5 45.Ke4 Ke6 46.Rg2 Rb5 47.h4 
Kf6 48.Rd2 a4 49.Rd4 Rxb2 50.Rxa4 Rh2 51.Rb4 Rxh4 52.Rxb6+ Kf7 53.Ke5 Rh3 
54.Rb7+ Ke8 55.c4 Rc3 56.Ke6 Re3+ 57.Kf6 h4 58.c5 Rc3 59.Ke6 Re3+ 60.Kd6 
Rd3+ 61.Kc6 Rf3 62.Rh7 Rxf4 63.Rh8+ Ke7 64.Kc7 Rc4 65.Rh7+ Kf6 66.Rh5 Kg6 
67.Rd5 1/2-1/2

[Event "V Weekend A"]
[Site "Novara ITA"]
[Date "2004.10.22"]
[Round "1"]
[White "Sgnaolin, Davide"]
[Black "Gromovs, Sergejs"]
[Result "0-1"]
[WhiteElo "2125"]
[BlackElo "2324"]
[PlyCount "156"]
[EventDate "2004.10.22"]

1.e4 c5 2.c3 d6 3.d4 Nf6 4.Bd3 e5 5.Nf3 Nc6 6.Bb5 Bd7 7.d5 Ne7 8.Bxd7+ 
Qxd7 9.Qe2 g6 10.c4 Bg7 11.Nc3 O-O 12.h3 a6 13.a4 b6 14.Bd2 h6 15.g4 Nh7 
16.Nh2 Kh8 17.h4 Ng8 18.Nf1 f5 19.h5 f4 20.hxg6 Ng5 21.f3 Ne7 22.Ng3 b5 
23.Nf5 bxc4 24.a5 Rf6 25.Na4 Nc8 26.Nh4 Qb5 27.Bc3 Ra7 28.Kf2 Rb7 29.Qc2 
Ne7 30.Nb6 Nxg6 31.Nxg6+ Rxg6 32.Qa4 Qxa4 33.Rxa4 Kg8 34.Rxc4 Bf6 35.b4 
cxb4 36.Bxb4 Bd8 37.Rc8 Nf7 38.Rhc1 Kg7 39.R8c6 Rb8 40.Rb1 Bh4+ 41.Ke2 h5 
42.Rh1 hxg4 43.Rxh4 gxf3+ 44.Kxf3 Ng5+ 45.Ke2 Nxe4 46.Rc7+ Kg8 47.Be1 Rf8 
48.Kf1 Ng3+ 49.Bxg3 fxg3+ 50.Kg1 Rf4 51.Rxf4 exf4 52.Rc3 Rf6 53.Kg2 Kg7 
54.Nc4 Kg6 55.Nxd6 Rxd6 56.Rc6 Rf6 57.Kf3 Kf5 58.d6 Rf7 59.Rxa6 Rg7 60.Kg2
f3+ 61.Kxf3 g2 62.d7 Rg3+ 63.Kxg3 g1=Q+ 64.Kf3 Qd1+ 65.Ke3 Qxd7 66.Rb6 Ke5
67.Ke2 Qd5 68.Ke3 Qxa5 69.Rb3 Qa4 70.Rd3 Qf4+ 71.Ke2 Ke4 72.Rd2 Qg4+ 73.
Kf2 Qf3+ 74.Ke1 Qh1+ 75.Ke2 Qg1 76.Rc2 Qg2+ 77.Kd1 Qf1+ 78.Kd2 Kd4 0-1

[Event "V Weekend A"]
[Site "Novara ITA"]
[Date "2004.10.22"]
[Round "1"]
[White "Stefanetti, Marco"]
[Black "Raineri, Valerio"]
[Result "1/2-1/2"]
[WhiteElo "2083"]
[BlackElo "2182"]
[PlyCount "104"]
[EventDate "2004.10.22"]

1.d4 Nf6 2.Nf3 g6 3.c3 Bg7 4.Bg5 d6 5.Nbd2 Nbd7 6.e4 e5 7.dxe5 dxe5 8.Bc4 
O-O 9.O-O h6 10.Bxf6 Qxf6 11.Qe2 Nc5 12.b4 Ne6 13.g3 Rd8 14.Nh4 Nf4 15.Qe3
Nh3+ 16.Kg2 a6 17.Nhf3 Bg4 18.Ng1 Nxg1 19.Kxg1 Rd7 20.f3 Bh3 21.Rfd1 Rad8 
22.Qe2 Qb6+ 23.Kh1 Qc6 24.b5 Qc5 25.bxa6 bxa6 26.Bd5 a5 27.Nb3 Qb6 28.c4 
Bf8 29.c5 Bxc5 30.Qc4 Bd4 31.Rab1 Qf6 32.Nxd4 exd4 33.f4 Qe7 34.Bc6 Rd6 
35.e5 Re6 36.Rb7 Bg4 37.Rd2 Qa3 38.Rb3 Qf8 39.Bd5 Rb6 40.Rxb6 cxb6 41.Rxd4
Rc8 42.Qb3 Bh3 43.Rc4 Kg7 44.Qc3 Rxc4 45.Qxc4 Qe7 46.Qc3 Be6 47.Qc6 Qd7 
48.Qxd7 Bxd7 49.Kg1 Kf8 50.Kf2 Ke7 51.Ke3 h5 52.Kd4 Bb5 1/2-1/2

[Event "V Weekend A"]
[Site "Novara ITA"]
[Date "2004.10.23"]
[Round "2"]
[White "Aglietti, Graziano"]
[Black "Giannetta, Paolo"]
[Result "1-0"]
[WhiteElo "2043"]
[BlackElo "2104"]
[PlyCount "83"]
[EventDate "2004.10.22"]

1.e4 d6 2.d4 Nf6 3.Nc3 g6 4.Bg5 Bg7 5.Qd2 h6 6.Bh4 g5 7.Bg3 Nh5 8.O-O-O 
Nc6 9.Qe3 e5 10.dxe5 Nxg3 11.hxg3 Nxe5 12.Be2 Be6 13.f4 Ng4 14.Qf3 Qe7 15.
Nh3 O-O-O 16.f5 Ne5 17.Qf2 Bc4 18.Qxa7 Nc6 19.Qa4 Bxe2 20.Nxe2 Qe5 21.c3 
Rhe8 22.Nf2 d5 23.Qa8+ Nb8 24.Rd4 dxe4 25.Rb4 Qd5 26.Rd1 Qc6 27.Rxd8+ Rxd8
28.Nxe4 Qd5 29.Qa4 Qd3 30.Qc2 Qe3+ 31.Kb1 Na6 32.Ra4 Rd5 33.f6 Bf8 34.a3 
Bd6 35.Nxd6+ Rxd6 36.Re4 Qc5 37.Re8+ Rd8 38.Qe4 c6 39.Nd4 Nc7 40.Qg4+ Ne6 
41.Rxd8+ Kxd8 42.Qxe6 1-0

[Event "V Weekend A"]
[Site "Novara ITA"]
[Date "2004.10.23"]
[Round "2"]
[White "Ceccarini, Marco"]
[Black "Aceto, Lorenzo"]
[Result "0-1"]
[WhiteElo "2121"]
[BlackElo "2150"]
[PlyCount "52"]
[EventDate "2004.10.22"]

1.e4 c5 2.Nf3 d6 3.d4 cxd4 4.Nxd4 Nf6 5.f3 a6 6.c4 e6 7.Nc3 Be7 8.Be3 Nbd7
9.Be2 O-O 10.O-O Qc7 11.Rc1 b6 12.b4 Bb7 13.Qb3 h5 14.Rfd1 Rac8 15.Na4 Qb8
16.Nb2 Rfe8 17.a3 d5 18.exd5 exd5 19.Bf2 Bd6 20.g3 h4 21.Kg2 Nh5 22.Qd3 
hxg3 23.hxg3 Bxg3 24.Qf5 Bxf2 25.Kxf2 Qh2+ 26.Ke1 Qg1+ 0-1

[Event "V Weekend A"]
[Site "Novara ITA"]
[Date "2004.10.23"]
[Round "2"]
[White "Dassisti, Alberto"]
[Black "Dragojlovic, Andjelko"]
[Result "0-1"]
[WhiteElo "2067"]
[BlackElo "2298"]
[PlyCount "104"]
[EventDate "2004.10.22"]

1.e4 c5 2.Nc3 g6 3.d3 Bg7 4.g3 Nc6 5.Bg2 Rb8 6.f4 e6 7.Nf3 Nge7 8.O-O d5 
9.e5 b5 10.a4 b4 11.Nb5 O-O 12.Be3 d4 13.Bf2 f6 14.Nd6 fxe5 15.Nxc8 Qxc8 
16.fxe5 Nxe5 17.Nxe5 Bxe5 18.Qe2 Bg7 19.Rae1 e5 20.b3 Qd7 21.Qe4 Rb6 22.
Re2 Rd6 23.Be1 Rxf1+ 24.Kxf1 Nd5 25.Bd2 h6 26.Rf2 Kh7 27.Kg1 Qe7 28.Qf3 
Nf6 29.Re2 Re6 30.Qb7 Qxb7 31.Bxb7 h5 32.Bg5 Bh6 33.Bxf6 Rxf6 34.Kg2 Be3 
35.Bf3 Kh6 36.Re1 g5 37.Rf1 h4 38.g4 Kg7 39.h3 Kf8 40.Be4 Bf4 41.Rf3 Ke7 
42.Bf5 c4 43.dxc4 Rxf5 44.gxf5 Kf6 45.Rf1 Kxf5 46.Rd1 g4 47.hxg4+ Kxg4 48.
Rf1 h3+ 49.Kh1 e4 50.c5 e3 51.c6 e2 52.Re1 Kf3 0-1

[Event "V Weekend A"]
[Site "Novara ITA"]
[Date "2004.10.23"]
[Round "2"]
[White "De Santis, Alessio"]
[Black "Borin, Fabio"]
[Result "1/2-1/2"]
[WhiteElo "2268"]
[BlackElo "2203"]
[PlyCount "91"]
[EventDate "2004.10.22"]

1.d4 d6 2.Nf3 Bg4 3.g3 Bxf3 4.exf3 e6 5.Bg2 c6 6.O-O g6 7.Re1 Bg7 8.c3 Qb6
9.Nd2 d5 10.f4 Nf6 11.Nf3 O-O 12.Ne5 a5 13.a4 Nbd7 14.Ra3 Qc7 15.g4 Ne8 
16.Qe2 Nd6 17.b3 Rfe8 18.c4 f5 19.c5 Nf7 20.g5 Nfxe5 21.fxe5 b6 22.cxb6 
Qxb6 23.Be3 Bf8 24.Raa1 f4 25.Bxf4 Qxd4 26.Bg3 Bg7 27.Rac1 Qb6 28.h4 Rab8 
29.h5 gxh5 30.Qxh5 Nf8 31.Rc3 Ng6 32.Rec1 Rbc8 33.Qe2 Bf8 34.Bh3 c5 35.Rf3
Bg7 36.Bg4 Qb4 37.Bh5 Rf8 38.Bxg6 hxg6 39.Rxf8+ Bxf8 40.Qa6 Re8 41.Qc6 Kf7
42.Qc7+ Be7 43.Kg2 Rh8 44.Rf1 Qe4+ 45.f3 Qe2+ 46.Rf2 1/2-1/2

[Event "V Weekend A"]
[Site "Novara ITA"]
[Date "2004.10.23"]
[Round "2"]
[White "Gromovs, Sergejs"]
[Black "Drei, Andrea"]
[Result "0-1"]
[WhiteElo "2324"]
[BlackElo "2247"]
[PlyCount "74"]
[EventDate "2004.10.22"]

1.d4 Nf6 2.Nf3 e6 3.c4 Bb4+ 4.Bd2 c5 5.Bxb4 cxb4 6.Nbd2 O-O 7.e4 d6 8.g3 
e5 9.d5 Nbd7 10.Bg2 Nc5 11.Qe2 a5 12.O-O Bg4 13.h3 Bh5 14.Qe3 a4 15.g4 Bg6
16.Nxe5 Bxe4 17.Nxe4 Ncxe4 18.Bxe4 dxe5 19.Bg2 Rc8 20.b3 Qd6 21.Rfe1 Nd7 
22.Rac1 axb3 23.axb3 f5 24.gxf5 Rxf5 25.Rc2 Nc5 26.Ra2 Qg6 27.Kh1 Rg5 28.
d6 Rxg2 29.Qxe5 Rg5 30.Qe7 Qf5 31.Qe3 Rg6 32.Rd2 Re6 33.d7 Rd8 34.Rd5 Rxe3
35.Rxe3 Qb1+ 36.Kh2 Nxd7 37.Red3 Rf8 0-1

[Event "V Weekend A"]
[Site "Novara ITA"]
[Date "2004.10.23"]
[Round "2"]
[White "Perissinotto, Claudio"]
[Black "Sgnaolin, Davide"]
[Result "1-0"]
[WhiteElo "2105"]
[BlackElo "2125"]
[PlyCount "75"]
[EventDate "2004.10.22"]

1.e4 c5 2.Nf3 Nc6 3.d4 cxd4 4.Nxd4 Nf6 5.Nc3 e5 6.Ndb5 d6 7.Bg5 a6 8.Na3 
b5 9.Bxf6 gxf6 10.Nd5 f5 11.Bd3 Be6 12.c3 Bxd5 13.exd5 Ne7 14.Nxb5 Bg7 15.
Na3 O-O 16.O-O e4 17.Be2 Ng6 18.Qd2 f4 19.f3 e3 20.Qc2 Qg5 21.Bd3 f5 22.
Rae1 Nh4 23.Re2 Rf6 24.Kh1 Kh8 25.c4 Rg6 26.b4 Rg8 27.c5 Be5 28.c6 Nxg2 
29.Bxf5 R6g7 30.Be6 Nh4 31.Bxg8 Nxf3 32.Rg2 Qxg2+ 33.Qxg2 Rxg2 34.Kxg2 e2 
35.Nc2 Nh4+ 36.Kf2 f3 37.c7 Bxh2 38.Rh1 1-0

[Event "V Weekend A"]
[Site "Novara ITA"]
[Date "2004.10.23"]
[Round "2"]
[White "Provera, Emanuele"]
[Black "Stefanetti, Marco"]
[Result "1-0"]
[WhiteElo "2138"]
[BlackElo "2083"]
[PlyCount "33"]
[EventDate "2004.10.22"]

1.d4 d5 2.c4 c6 3.cxd5 cxd5 4.Nc3 Nf6 5.Nf3 e6 6.Bf4 a6 7.e3 Be7 8.h3 O-O 
9.Bd3 Nc6 10.Rc1 Bd7 11.Ne5 Rc8 12.g4 Nxe5 13.Bxe5 Bc6 14.g5 Ne4 15.h4 f6 
16.Bxe4 fxe5 17.Bxh7+ 1-0

[Event "V Weekend A"]
[Site "Novara ITA"]
[Date "2004.10.23"]
[Round "2"]
[White "Raineri, Valerio"]
[Black "Pace, Pietro Dario"]
[Result "1/2-1/2"]
[WhiteElo "2182"]
[BlackElo "2130"]
[PlyCount "49"]
[EventDate "2004.10.22"]

1.e4 e5 2.Nf3 Nc6 3.Bb5 a6 4.Ba4 Nf6 5.O-O b5 6.Bb3 Bc5 7.c3 d6 8.d4 Bb6 
9.h3 h6 10.dxe5 Nxe5 11.Nxe5 dxe5 12.Qxd8+ Kxd8 13.Bxf7 Bb7 14.Bg6 Bxe4 
15.Bxe4 Nxe4 16.Nd2 Nxd2 17.Bxd2 Kd7 18.Rfe1 Rhf8 19.Be3 Bxe3 20.Rxe3 Rae8
21.Rae1 Kd6 22.Re4 g5 23.g3 Rf3 24.Kg2 Rf5 25.R1e2 1/2-1/2

[Event "V Weekend A"]
[Site "Novara ITA"]
[Date "2004.10.23"]
[Round "2"]
[White "Ranieri, Fabrizio"]
[Black "Dallaglio, Giovanni"]
[Result "1/2-1/2"]
[WhiteElo "2213"]
[BlackElo "2051"]
[PlyCount "55"]
[EventDate "2004.10.22"]

1.e4 c6 2.d4 d5 3.exd5 cxd5 4.c4 Nf6 5.Nc3 e6 6.Nf3 Bb4 7.cxd5 Nxd5 8.Bd2 
Nc6 9.Bd3 O-O 10.O-O Be7 11.a3 Bf6 12.Qe2 g6 13.Bh6 Re8 14.Bb5 Nxc3 15.
bxc3 Bd7 16.Nd2 Bg5 17.Bxg5 Qxg5 18.Ne4 Qe7 19.Qe3 Red8 20.Rfe1 a6 21.Bd3 
b5 22.Qh6 Bc8 23.Re3 Ra7 24.g4 f5 25.gxf5 exf5 26.Ng5 Qg7 27.Qxg7+ Kxg7 
28.Ne6+ 1/2-1/2

[Event "V Weekend A"]
[Site "Novara ITA"]
[Date "2004.10.23"]
[Round "3"]
[White "Aceto, Lorenzo"]
[Black "Perissinotto, Claudio"]
[Result "1-0"]
[WhiteElo "2150"]
[BlackElo "2105"]
[PlyCount "53"]
[EventDate "2004.10.22"]

1.e4 c5 2.Nf3 d6 3.d4 cxd4 4.Nxd4 Nf6 5.Nc3 g6 6.Be3 Bg7 7.f3 O-O 8.Qd2 
Nc6 9.O-O-O d5 10.Nb3 dxe4 11.Qf2 Qc7 12.h4 h5 13.Be2 Bf5 14.g4 hxg4 15.
fxg4 Nxg4 16.Bxg4 Bxg4 17.Rdg1 Bf3 18.h5 Bxh1 19.Rxh1 Ne5 20.hxg6 Nxg6 21.
Qg2 Rac8 22.Qh3 Rfd8 23.Nc5 Qc6 24.Qh7+ Kf8 25.Rf1 Rd4 26.Bxd4 Bxd4 27.
Qxf7# 1-0

[Event "V Weekend A"]
[Site "Novara ITA"]
[Date "2004.10.23"]
[Round "3"]
[White "Bonade', Massimo"]
[Black "Raineri, Valerio"]
[Result "0-1"]
[WhiteElo "2093"]
[BlackElo "2182"]
[PlyCount "124"]
[EventDate "2004.10.22"]

1.d4 Nf6 2.c4 g6 3.Nc3 Bg7 4.e4 d6 5.Nf3 O-O 6.Be2 e5 7.d5 Ne8 8.h4 h6 9.
h5 g5 10.Nh2 c6 11.Ng4 Na6 12.Ne3 Nf6 13.f3 Nc7 14.g4 cxd5 15.cxd5 Bd7 16.
a4 Nfe8 17.b3 Qb8 18.O-O Bf6 19.Ba3 Bd8 20.Kg2 a6 21.a5 Nb5 22.Nxb5 axb5 
23.Bb4 Bc7 24.Qd2 Qd8 25.Ra2 Ra6 26.Rfa1 Ng7 27.Bd3 Bb8 28.Qe2 Ba7 29.Nc2 
Qe8 30.Na3 f5 31.exf5 Bxf5 32.Bxf5 Nxf5 33.gxf5 Rxf5 34.Nxb5 g4 35.f4 Rxf4
36.Nxa7 Rxb4 37.Nc6 Rf4 38.Ra4 e4 39.Rf1 Rxf1 40.Qxf1 Qxh5 41.Ne7+ Kg7 42.
Rxe4 Rxa5 43.Kg1 Ra2 44.Re2 Rxe2 45.Qxe2 Qg5 46.Kg2 h5 47.Qe4 Qf6 48.Nf5+ 
Kf7 49.Ne3 Qb2+ 50.Kg3 Qxb3 51.Kh4 Qc3 52.Qe6+ Kf8 53.Nf5 Qe5 54.Qc8+ Qe8 
55.Qxb7 Qg6 56.Qe7+ Kg8 57.Qg5 Kf7 58.Qxh5 Qxh5+ 59.Kxh5 Kf6 60.Kxg4 Ke5 
61.Ne3 Ke4 62.Kg5 Kxe3 0-1

[Event "V Weekend A"]
[Site "Novara ITA"]
[Date "2004.10.23"]
[Round "3"]
[White "Dallaglio, Giovanni"]
[Black "De Santis, Alessio"]
[Result "0-1"]
[WhiteElo "2051"]
[BlackElo "2268"]
[PlyCount "56"]
[EventDate "2004.10.22"]

1.d4 f5 2.g3 Nf6 3.Bg2 d6 4.Nf3 g6 5.c4 Bg7 6.b4 c5 7.Bb2 cxb4 8.O-O a5 9.
Nbd2 O-O 10.e4 Nxe4 11.Nxe4 fxe4 12.Ng5 Nc6 13.Bxe4 e6 14.Nxh7 Rf5 15.g4 
Rf4 16.Bxg6 Qh4 17.f3 Nxd4 18.Bxd4 Bxd4+ 19.Kg2 Bd7 20.Qd3 Rxg4+ 21.Kh1 
Be5 22.Qc2 Bc6 23.Be4 Rxe4 24.Rg1+ Kh8 25.Ng5 Rf4 26.Rg3 Rg8 27.Rag1 Rxg5 
28.Rxg5 Bxf3+ 0-1

[Event "V Weekend A"]
[Site "Novara ITA"]
[Date "2004.10.23"]
[Round "3"]
[White "Dragojlovic, Andjelko"]
[Black "Drei, Andrea"]
[Result "0-1"]
[WhiteElo "2298"]
[BlackElo "2247"]
[PlyCount "82"]
[EventDate "2004.10.22"]

1.e4 c5 2.Nf3 e6 3.b3 b6 4.d4 cxd4 5.Nxd4 Bc5 6.c3 Bb7 7.Bd3 Nf6 8.Qe2 Nc6
9.Nxc6 Bxc6 10.O-O Be7 11.Nd2 d6 12.c4 O-O 13.Bb2 Nd7 14.Rad1 Bf6 15.Ba3 
Qe7 16.Nf3 Rfd8 17.Bb1 Nc5 18.Nd4 Bxd4 19.Rxd4 e5 20.Rd2 Qb7 21.Rfd1 Nxe4 
22.Bxe4 Bxe4 23.f3 Bc6 24.Bxd6 e4 25.f4 Rd7 26.Qe3 f5 27.Rd4 Rad8 28.R1d2 
Rf7 29.b4 a6 30.Kf2 Qc8 31.c5 bxc5 32.Bxc5 Rxd4 33.Rxd4 Rd7 34.Qb3+ Kh8 
35.Qe6 Qd8 36.Bb6 Qh4+ 37.Ke2 Bb5+ 38.Kd1 Rxd4+ 39.Bxd4 Qg4+ 40.Kc2 Qe2+ 
41.Kb3 Qd1+ 0-1

[Event "V Weekend A"]
[Site "Novara ITA"]
[Date "2004.10.23"]
[Round "3"]
[White "Giannetta, Paolo"]
[Black "Ceccarini, Marco"]
[Result "1/2-1/2"]
[WhiteElo "2104"]
[BlackElo "2121"]
[PlyCount "43"]
[EventDate "2004.10.22"]

1.d4 d5 2.Nf3 Nf6 3.c4 e6 4.Nc3 c6 5.cxd5 exd5 6.Bg5 Be7 7.e3 O-O 8.Bd3 h6
9.Bh4 Ne4 10.Bxe7 Qxe7 11.Qc2 Re8 12.h3 Nd7 13.Bxe4 dxe4 14.Nd2 f5 15.
O-O-O Nf6 16.Nc4 Be6 17.Ne5 c5 18.d5 Bxd5 19.Nxd5 Qxe5 20.Nxf6+ Qxf6 21.
Rd7 b6 22.Rhd1 1/2-1/2